Bratislavská informačná služba
Bratislavská informačná služba bola založená v r. 1965. Jej hlavnou náplňou je poskytovanie informácií, vlastivedná a sprievodcovská činnosť, prekladateľsko-tlmočnícky servis, edično-propagačná činnosť, ako aj prezentácia Bratislavy na veľtrhoch cestovného ruchu.
Enregistré dans:
| Auteur principal: | |
|---|---|
| Format: | Chapitre de livre |
| Langue: | slovaque |
| Sujets: | |
| Tags: |
Pas de tags, Soyez le premier à ajouter un tag!
|
MARC
| LEADER | 00000naa a2200000 4500 | ||
|---|---|---|---|
| 001 | r034385 | ||
| 005 | 20230426124621.3 | ||
| 041 | 0 | |a slo | |
| 044 | |a SK | ||
| 245 | 1 | 0 | |a Bratislavská informačná služba |c Zdenka Danižová |
| 520 | |a Bratislavská informačná služba bola založená v r. 1965. Jej hlavnou náplňou je poskytovanie informácií, vlastivedná a sprievodcovská činnosť, prekladateľsko-tlmočnícky servis, edično-propagačná činnosť, ako aj prezentácia Bratislavy na veľtrhoch cestovného ruchu. | ||
| 610 | 2 | 0 | |a činnosť informačná |
| 610 | 2 | 0 | |a sprievodcovia |
| 610 | 2 | 0 | |a služby informačné |
| 610 | 2 | 0 | |a história |
| 610 | 2 | 0 | |a ruch cestovný |
| 610 | 2 | 0 | |a ruch cestovný mestský |
| 610 | 2 | 0 | |a BIS |
| 610 | 2 | 0 | |a Bratislava |
| 100 | 1 | |a Danižová, Zdenka | |